书目信息 |
| 题名: |
过程控制系统
|
|
| 作者: | 陈夕松 , 汪木兰 主编 | |
| 分册: | ||
| 出版信息: | 北京 科学出版社 2005.07 |
|
| 页数: | 278页 | |
| 开本: | 24cm | |
| 丛书名: | ||
| 单 册: | ||
| 中图分类: | TP273 | |
| 科图分类: | ||
| 主题词: | 过程控制--guo cheng kong zhi--控制系统--高等学校--教材 | |
| 电子资源: | ||
| ISBN: | 7-03-015382-0 | |
| 000 | 01050nam0 2200253 450 | |
| 001 | 012006544689 | |
| 005 | 20060906102715.84 | |
| 010 | @a7-03-015382-0@dCNY26.00 | |
| 100 | @a20060611d2005 km y0chiy0120 ea | |
| 101 | 0 | @achi |
| 102 | @aCN@b110000 | |
| 105 | @aa a 000yy | |
| 200 | 1 | @a过程控制系统@Aguo cheng kong zhi xi tong@f陈夕松, 汪木兰主编@Fchen xi song,wang mu lan zhu bian |
| 210 | @a北京@c科学出版社@d2005.07 | |
| 215 | @a278页@c图@d24cm | |
| 300 | @a高等院校教材 | |
| 320 | @a有书目 (第277-278页)。 | |
| 330 | @a本书从过程控制的检测、控制、执行和被控过程4个组成部分逐个加以分析,全面系统深入地阐述了过程控制的结构、原理、设计和系统应用等内容。书中还增加了基于计算机及先进控制理论在内的过程控制新技术,包括现场总线技术、组态软件应用技术、管控一体化技术以及模糊控制、专家系统等先进控制策略。 | |
| 606 | 0 | @a过程控制@Aguo cheng kong zhi@x控制系统@x高等学校@j教材 |
| 690 | @aTP273@v4 | |
| 701 | 0 | @a陈夕松@Achen xi song@4主编 |
| 701 | 0 | @a汪木兰@Awang mu lan@4主编 |
| 801 | 0 | @aCN@bQSSK@c20060906 |
| 905 | @a10447@dTP273@eC596 | |
| 过程控制系统/陈夕松, 汪木兰主编.-北京:科学出版社,2005.07 |
| 278页:图;24cm |
| 高等院校教材 |
| ISBN 7-03-015382-0:CNY26.00 |
| 本书从过程控制的检测、控制、执行和被控过程4个组成部分逐个加以分析,全面系统深入地阐述了过程控制的结构、原理、设计和系统应用等内容。书中还增加了基于计算机及先进控制理论在内的过程控制新技术,包括现场总线技术、组态软件应用技术、管控一体化技术以及模糊控制、专家系统等先进控制策略。 |
| ● |
| 相关链接 |
|
|
|
正题名:过程控制系统
索取号:TP273/C596
 
预约/预借
| 序号 | 登录号 | 条形码 | 馆藏地/架位号 | 状态 | 备注 |
| 1 | 583997 | 205839976 | 自科库301/301自科库 41排5列4层/ [索取号:TP273/C596] | 在馆 | |
| 2 | 583998 | 205839985 | 自科库301/301自科库 41排5列4层/ [索取号:TP273/C596] | 在馆 | |
| 3 | 583999 | 205839994 | 自科二线404/404自科库 15排5列5层/ [索取号:TP273/C596] | 在馆 |